000 00393nam a22001457a 4500
003 OSt
005 20160727222342.0
008 160620b xxu||||| |||| 00| 0 eng d
040 _cTEST
100 _9121
_aFletcher, H
245 _aMathematics for Schoo
_bLevel - II Books 9910
260 _aLandon
_bAddison Wesley
_c1974
300 _aMathematics for School: Level - II Books 9910
942 _2ddc
_cBK
999 _c96
_d96